000
00285nam a22001337a 4500
003
SGT
082
_a
612
_b
T15H
100
_a
HALL,JOHN E.
245
_a
TEXT BOOK OF MEDICAL PHYSIOLOGY
260
_a
DELHI
_b
ELSEVIER
_c
2015
300
_a
907
650
_a
PHYSIOLOGY
942
_2
ddc
_c
BK
_0
15
999
_c
8471
_d
8471